Efektívnosť technického rozvoja vo veľkoobchode záverečná práca postgraduálneho štúdia

Na minha lista:
Detalhes bibliográficos
Autor principal: Schwarzová, Mária
Autor Corporativo: Vysoká škola ekonomická v Bratislave
Outros Autores: Štensová, Antónia
Formato: Livro
Idioma:eslovaco
Publicado em: Bratislava 1988
Tags: Adicionar Tag
Sem tags, seja o primeiro a adicionar uma tag!

MARC

LEADER 00000nam a2200000 4500
001 c039551
005 20230116095010.6
041 0 |a slo 
044 |a SK 
245 1 0 |a Efektívnosť technického rozvoja vo veľkoobchode  |b záverečná práca postgraduálneho štúdia  |c Mária Schwarzová ; Ved. práce Antónia Štensová 
264 1 |a Bratislava  |c 1988 
300 |a 37 s. 
100 1 |a Schwarzová, Mária 
700 1 |a Štensová, Antónia 
710 2 |a Vysoká škola ekonomická v Bratislave